000 00662nam a2200265 a 4500
001 43380
003 AR-BaAGN
005 20231116145409.0
007 ta
008 220625s1968 ag |||||r|||| ||||||spa d
040 _dAR-BaAGN
_aAR-BaAGN
_bspa
_eaacr
100 1 _aChierico, Osiris
245 1 0 _aLameiro
250 _a1ª ed.
260 _aBuenos Aires :
_bFondo Nacional de las Artes,
_c1968.
300 _a49 páginas :
_bilustraciones
336 _2rdacontent
_btxt
337 _2rdamedia
_bn
338 _2rdacarrier
_bnc
600 1 4 _aLameiro, Pablo
650 4 _aPINTURA
_91901
651 4 _aArgentina
_93645
942 _cLIBRO
999 _c43380
_d43380